000 00340nam a22000977a 4500
999 _c67381
_d67378
100 _aAhsnanullah Soomro
245 _aDesign and Fabrication of Cold Flow Circulating Fluidized Bed system
260 _aNawabshah
_bQUEST
_c63p.
650 _aFabrication
_a Fluidized Bed system
_aDepartment of Energy and Environment Engineering
942 _cTHESIS